Normal view
MARC view
Entry Topical Term
001 - CONTROL NUMBER
- control field: 17183
003 - CONTROL NUMBER IDENTIFIER
- control field: VITAP
005 - DATE AND TIME OF LATEST TRANSACTION
- control field: 20260303141416.0
008 - FIXED-LENGTH DATA ELEMENTS
- fixed length control field: 260303|| aca||babn | a|a d
040 ## - CATALOGING SOURCE
- Original cataloging agency: VITAP
150 ## - HEADING--TOPICAL TERM
- Topical term or geographic name entry element: Space Science & Astronomy, Physics, Chemistry, Biology & Life Sciences, Environmental Science, Medical Science etc.